000
00321nam a2200157Ia 4500
100
_a
Gupta/J.B
650
_a
EDC
942
_c
BK
366
_f
10
654
_a
devices
245
_a
Electronic devices and circuits
260
_b
Kataria
_c
2000
082
_a
621.3815/GUP
_b
GUP
300
_a
1209
546
_a
ENGLISH
999
_c
22842
_d
22842